Country Location Quiz Impossible - Statistics

General Stats
  • This quiz has been taken 11 times
  • The average score is 50 of 196
Answers on the Map
Answers color-coded by a green-red scale on the quiz's map according to % correct below.
 
Answer Stats
Answer % Correct
United States
100%
Canada
86%
Brazil
71%
Chile
71%
Mexico
71%
Argentina
57%
Italy
57%
United Kingdom
57%
Andorra
43%
Belgium
43%
Dominican
Republic
43%
France
43%
Haiti
43%
Iceland
43%
Ireland
43%
Luxembourg
43%
Malta
43%
Monaco
43%
Morocco
43%
Mozambique
43%
Netherlands
43%
Panama
43%
Peru
43%
Portugal
43%
Russia
43%
Spain
43%
Algeria
29%
Australia
29%
Austria
29%
Bahamas
29%
Belarus
29%
Belize
29%
Benin
29%
Bolivia
29%
Bosnia and
Herzegovina
29%
Botswana
29%
Cameroon
29%
Cape Verde
29%
Central African
Republic
29%
Chad
29%
China
29%
Colombia
29%
Comoros
29%
Costa Rica
29%
Croatia
29%
Cuba
29%
Czech Republic
29%
Democratic
Republic of
the Congo
29%
Denmark
29%
Djibouti
29%
Egypt
29%
Equatorial
Guinea
29%
Eritrea
29%
Estonia
29%
Eswatini
29%
Ethiopia
29%
Finland
29%
Germany
29%
Greece
29%
Guatemala
29%
Honduras
29%
Hungary
29%
India
29%
Iran
29%
Jamaica
29%
Japan
29%
Kenya
29%
Kosovo
29%
Latvia
29%
Lesotho
29%
Liberia
29%
Libya
29%
Liechtenstein
29%
Lithuania
29%
Madagascar
29%
Mali
29%
Mauritania
29%
Moldova
29%
Montenegro
29%
Nicaragua
29%
Niger
29%
Nigeria
29%
North Korea
29%
Norway
29%
Oman
29%
Pakistan
29%
Palau
29%
Paraguay
29%
Poland
29%
Republic of
the Congo
29%
Romania
29%
Rwanda
29%
São Tomé
and Príncipe
29%
Saudi Arabia
29%
Serbia
29%
Slovakia
29%
Slovenia
29%
Somalia
29%
South Africa
29%
South Korea
29%
South Sudan
29%
Sudan
29%
Suriname
29%
Sweden
29%
Switzerland
29%
Tanzania
29%
Togo
29%
Trinidad and
Tobago
29%
Tunisia
29%
Ukraine
29%
United Arab
Emirates
29%
Uruguay
29%
Vatican City
29%
Yemen
29%
Afghanistan
14%
Albania
14%
Angola
14%
Antigua and
Barbuda
14%
Armenia
14%
Azerbaijan
14%
Bahrain
14%
Bangladesh
14%
Barbados
14%
Bhutan
14%
Brunei
14%
Bulgaria
14%
Burkina Faso
14%
Burundi
14%
Cambodia
14%
Cyprus
14%
Dominica
14%
East Timor
14%
Ecuador
14%
El Salvador
14%
Federated States
of Micronesia
14%
Fiji
14%
Gabon
14%
Gambia
14%
Georgia
14%
Ghana
14%
Grenada
14%
Guinea
14%
Guinea-Bissau
14%
Guyana
14%
Indonesia
14%
Iraq
14%
Israel
14%
Ivory Coast
14%
Jordan
14%
Kazakhstan
14%
Kiribati
14%
Kuwait
14%
Kyrgyzstan
14%
Laos
14%
Lebanon
14%
Malawi
14%
Malaysia
14%
Maldives
14%
Marshall Islands
14%
Mauritius
14%
Mongolia
14%
Myanmar
14%
Namibia
14%
Nauru
14%
Nepal
14%
New Zealand
14%
North
Macedonia
14%
Papua New
Guinea
14%
Philippines
14%
Qatar
14%
Saint Kitts
and Nevis
14%
Saint Lucia
14%
Saint Vincent
and the
Grenadines
14%
Samoa
14%
San Marino
14%
Senegal
14%
Seychelles
14%
Sierra Leone
14%
Singapore
14%
Solomon Islands
14%
Sri Lanka
14%
Syria
14%
Taiwan
14%
Tajikistan
14%
Thailand
14%
Tonga
14%
Turkey
14%
Turkmenistan
14%
Tuvalu
14%
Uganda
14%
Uzbekistan
14%
Vanuatu
14%
Venezuela
14%
Vietnam
14%
Zambia
14%
Zimbabwe
14%
No matching quizzes found
Score Distribution
Percent of People with Each Score
Percentile by Number Answered
Your Score History
You have not taken this quiz